[Event "It (open)"]
[Site "Los Angeles (USA)"]
[Round "2"]
[White "Akobian Varuzhan (USA)"]
[Black "Ganbold Odondoo (MGL)"]
[Result "1-0"]
[WhiteElo "2571"]
[BlackElo "2387"]

{ Ganbold Odondoo (MGL) +0 =2 -4 } 1.d4 d6 2.Nf3 Bg4 3.c4 Bxf3 ( 3...c6 4.Nc3
Bxf3 5.exf3 g6 6.Be2 Bg7 7.Be3 Nh6 8.g4 Ng8 9.f4 e6 10.d5 exd5 11.cxd5 c5
12.h4 a6 13.h5 b5 14.Qc2 Nd7 15.Rd1 Nb6 16.Bf3 Qd7 17.Ne4 gxh5 18.Rxh5 Nf6
19.Nxf6+ Bxf6 20.g5 Bg7 21.b4 Na4 22.bxc5 dxc5 23.d6 { ...1-0, Pigusov Evgeny
2609 - Ganbold Odondoo 2334 , Shenyang 1999 Ch World Cities } ) 4.gxf3 c6
5.Nc3 { ?/= } ( 5.h4 Nf6 6.h5 Nbd7 7.Nc3 e5 8.e3 Be7 9.Bd3 exd4 10.exd4 d5
11.cxd5 Nxd5 12.Nxd5 cxd5 13.Qb3 Nb6 14.Bb5+ Kf8 15.Kf1 Qd6 16.Bd2 f6 17.a4 a5
18.Rc1 Kf7 19.Bd3 Rhc8 20.Rxc8 Rxc8 21.Bxh7 Nc4 22.Bc1 Qb4 23.Qd3 Nd6 24.Kg2
Ke8 { ...1-0, Lobron Eric 2625 - Rivas Pastor Manuel 2520 , Debrecen 1992 Ch
Europe (team) } ) 5...Nf6 ( 5...g6 6.e4 Bg7 7.Be3 Nd7 8.f4 e5 9.fxe5 dxe5
10.dxe5 Nxe5 11.Be2 Qh4 12.Qd6 Rd8 13.Qc7 Nh6 14.Rd1 O-O 15.Rxd8 Rxd8 16.Bxh6
Bxh6 17.Qxe5 Bd2+ 18.Kf1 Bf4 19.Qa5 Qh3+ 20.Kg1 Rd2 21.Qxa7 Be5 22.Qa5 Bxc3
23.Qxc3 Qxc3 24.bxc3 Rxe2 25.Kg2 { ...0-1, Sokolov Ivan 2625 - Rivas Pastor
Manuel 2520 , Barcelona 1992 It } ) 6.f4 ( 6.e4 e5 7.f4 Nbd7 8.Be3 Be7 9.Rg1
O-O 10.Bh3 exf4 11.Bxf4 Re8 12.Qf3 c5 13.dxc5 Ne5 14.Qg2 Nd3+ 15.Kd2 Nh5
16.Bh6 Ne5 17.Bxg7 Nf4 18.Qg3 Nh5 19.Bxe5+ Nxg3 20.Bxg3 Kh8 21.Nd5 Bf6 22.Bf5
Be5 23.Kc2 dxc5 24.Rad1 a6 25.Rd3 b5 { ...1-0, Vallejo Pons Francisco 2554 -
Zlotnik Boris A 2419 , Mallorca 2000 It (open) } ) 6...g6 { N } ( 6...d5 7.Qb3
Qb6 8.Qxb6 axb6 9.cxd5 Nxd5 10.Nxd5 cxd5 11.e3 e6 12.Bd2 Nc6 13.Bb5 Bd6 14.Ke2
Kd7 15.a4 Ke7 16.Rac1 { ...1/2-1/2, Sula Zeqir 2360 - Sanduleac Vasile 2460 ,
Elista 1998 Olympiad } 16...Rhc8 17.h3 h6 18.Rhg1 g6 19.Rc3 Kd8 20.Rgc1 Na7
21.Rxc8+ Nxc8 22.f3 Na7 23.Bd3 Nc6 24.Bb5 Na7 25.Bd3 Nc6 26.Bb5 { ...1/2-1/2,
Sula Zeqir 2360 - Sanduleac Vasile 2460 , Elista 1998 Olympiad } ) ( 6...Nbd7
7.d5 cxd5 8.Nxd5 e6 9.Nxf6+ Nxf6 10.Qa4+ Qd7 11.Qxd7+ Kxd7 12.Bg2 Rb8 13.Be3
b6 14.O-O Be7 15.Rfd1 Rhc8 16.b3 { ...1-0, Drasko Milan 2520 - Petronic Jovan
2401 , Yugoslavia 1994 Ch Yugoslavia (team) (1 liga) } 16...g6 17.Bd4 Ne8
18.e4 Kc7 19.Rd3 Rd8 20.Rc1 Bf6 21.Be3 Bb2 22.Rb1 Bg7 23.b4 Rd7 24.Ra3 Kd8
25.Rd1 Bf8 26.Rad3 { ...1-0, Drasko Milan 2520 - Petronic Jovan 2401 ,
Yugoslavia 1994 Ch Yugoslavia (team) (1 liga) } ) ( 6...Na6 { +0.30 CAP } )
7.e4 { +0.56 CAP } 7...Bg7 { N } ( 7...Bh6 8.Be2 Qa5 9.Bf3 e5 10.dxe5 dxe5
11.Qd6 Nbd7 12.b4 Qd8 13.fxe5 Bf8 14.Qd4 c5 15.Qe3 Nxe5 16.Be2 Qd4 17.Nb5 Qxa1
18.Nc7+ Kd7 19.Nxa8 Qd4 20.Qh3+ Nfg4 21.Bxg4+ Nxg4 22.O-O f5 23.Be3 Qxe4
24.Rd1+ Kc8 25.Bg5 Bg7 26.Qxh7 Qe1+ 27.Rxe1 { ...1-0, Dobrev Nanko 2315 -
Radulov Ivan 2402 , Pamporovo 2001 Ch Bulgaria (team) } ) 8.e5 Ng8 9.Be3 Nh6
10.Bh3 Na6 { } ( 10...Nd7 { !? } 11.Rg1 Nb6 12.Qb3 Rb8 { } ) 11.Rg1 Kf8 { ? }
( { ? } 11...Qa5 12.Qb3 Rb8 13.O-O-O O-O { } ) 12.Qd2 e6 13.d5 exd5 14.cxd5
cxd5 15.O-O-O dxe5 16.fxe5 Ng8 17.f4 Qh4 { ?! } ( 17...Ne7 { !? } 18.Kb1 Qa5
19.Qf2 Kg8 { } ) 18.Bg2 Bh6 19.Qxd5 Re8 20.Kb1 Ne7 21.Qxb7 Nf5 22.Bxa7 { }
{#r} 1-0

[Event "It (open) (active)"]
[Site "Auberville (France)"]
[Round "6"]
[White "Huebner Robert Dr (GER)"]
[Black "Lupu Mircea-Sergiu (FRA)"]
[Result "0-1"]
[WhiteElo "2624"]
[BlackElo "2456"]

1.d4 d6 2.c4 e5 3.Nc3 Nd7 4.g3 g6 5.Bg2 Bg7 6.Nf3 Ne7 7.O-O O-O 8.e4 c5 9.dxc5
dxc5 10.Bg5 h6 11.Bxe7 Qxe7 12.Nd5 Qd6 13.Qe2 Nb8 14.Rfd1 Bg4 15.Qe3 Nc6
16.Nb6 Nd4 17.Nxa8 Rxa8 18.Rd2 Bxf3 19.Bxf3 Nxf3+ {#R} 0-1

[Event "It (open)"]
[Site "Vlissingen (Netherlands)"]
[Round "3"]
[White "Gruenhagen Marc (GER)"]
[Black "Nijboer Friso (NED)"]
[Result "0-1"]
[WhiteElo "2079"]
[BlackElo "2567"]

1.d4 d6 2.c4 e5 3.d5 f5 4.Nc3 Nf6 5.Nf3 Be7 6.g3 O-O 7.Bg2 Qe8 8.b3 Nbd7 9.Bb2
Nc5 10.Nd2 Bd7 11.b4 Na4 12.Nxa4 Bxa4 13.Qc1 c6 14.dxc6 Bxc6 15.Bxc6 bxc6
16.O-O e4 17.Nb3 d5 18.b5 Rc8 19.bxc6 Rxc6 20.c5 Qd7 21.Qd2 f4 22.Bxf6 Rcxf6
23.Rfd1 Rd8 24.f3 fxg3 25.hxg3 Qh3 26.Qe1 exf3 27.exf3 Rxf3 {#R} 0-1

[Event "Ch Poland (team) (1 liga)"]
[Site "Ustron (Poland)"]
[Round "0"]
[White "Bielinski Leszek (POL)"]
[Black "Cichocki Adam (POL)"]
[Result "0-1"]
[WhiteElo "2141"]
[BlackElo "2332"]

1.d4 d6 2.e4 g6 3.g3 Bg7 4.Bg2 c5 5.c3 cxd4 6.cxd4 Nc6 7.d5 Ne5 8.Nc3 Nf6
9.Nge2 O-O 10.O-O Bg4 11.h3 Bf3 12.Bxf3 Nxf3+ 13.Kg2 Ne5 14.b3 Qa5 15.Be3 Rfc8
16.Rc1 Rc7 17.Qd2 Rac8 18.f3 a6 19.Bd4 b5 20.Qe3 Ned7 {#R} 0-1

[Event "It (open) "]
[Site "Budapest (Hungary)"]
[Round "7"]
[White "Somogyi Istvan (HUN)"]
[Black "Zoltan Andras (HUN)"]
[Result "1-0"]
[WhiteElo "2274"]
[BlackElo "2075"]

1.d4 d6 2.Nf3 Bg4 3.e4 Nf6 4.Nc3 Nbd7 5.Be3 c6 6.Be2 e6 7.Qd2 Be7 8.h3 Bxf3
9.Bxf3 h6 10.O-O e5 11.Rad1 Qc7 12.Be2 Rd8 13.f4 exd4 14.Bxd4 O-O 15.Bf3 Nb6
16.Qf2 c5 17.Be3 Nc4 18.Bc1 a6 19.a4 Qb6 20.b3 Na5 21.e5 dxe5 22.fxe5 Rxd1
23.Rxd1 Nh7 24.Nd5 Qe6 25.Bg4 Qxe5 26.Bf4 Qe4 27.Bf5 {#r} 1-0

[Event "Tournament (juniors) (under 20)"]
[Site "Vratsa (Bulgaria)"]
[Round "8"]
[White "Kukov Velislav (BUL)"]
[Black "Valev Martin (BUL)"]
[Result "1-0"]
[WhiteElo "2239"]
[BlackElo "2173"]

1.d4 d6 2.Nf3 g6 3.c4 Bg7 4.e4 Bg4 5.Be2 Nc6 6.Be3 e5 7.d5 Bxf3 8.Bxf3 Nd4
9.Nc3 Ne7 10.g3 c6 11.O-O O-O 12.Bg2 Qa5 13.a3 b5 14.b4 Qb6 15.dxc6 Qxc6
16.Nxb5 Qxc4 17.Nxd6 Qa6 18.Bxd4 exd4 19.e5 Bxe5 20.Nxf7 Kxf7 21.Bxa8 {#r} 1-0

[Event "It (open)"]
[Site "Vienna (Austria)"]
[Round "1"]
[White "Eingorn Vereslav S (UKR)"]
[Black "Eskandary Jahja (GER)"]
[Result "1-0"]
[WhiteElo "2583"]
[BlackElo "2146"]

1.d4 d6 2.Nf3 Nd7 3.g3 e5 4.Bg2 e4 5.Ng5 d5 6.c4 c6 7.Nc3 Ndf6 8.cxd5 cxd5
9.Qa4+ Bd7 10.Qb3 Bc6 11.f3 h6 12.Nxf7 Kxf7 13.fxe4 Qb6 14.exd5 Qxb3 15.axb3
Bd7 16.e4 Be8 17.O-O Ke7 18.d6+ {#r} 1-0

[Event "Bundesliga 2002/03 (w)"]
[Site "Germany"]
[Round "10"]
[White "Bosboom-Lanchava Tea (NED)"]
[Black "Lauterbach Ingrid (ENG)"]
[Result "1-0"]
[WhiteElo "2352"]
[BlackElo "2179"]

1.d4 d6 2.c4 e5 3.Nf3 e4 4.Ng5 f5 5.Nh3 Nf6 6.Nc3 c6 7.g3 Na6 8.Bg2 d5 9.cxd5
Nxd5 10.Nxd5 Qxd5 11.O-O Nc7 12.f3 exf3 13.Bxf3 Qd7 14.Nf4 Bd6 15.e4 Bxf4
16.Bxf4 Ne6 17.Be5 O-O 18.Qb3 Kh8 19.Rad1 Ng5 20.Bg2 Qe7 21.Qe3 Nxe4 22.Bxe4
fxe4 23.Qg5 Rf6 24.Rxf6 {#r} 1-0

[Event "It (open)"]
[Site "Werther (Germany)"]
[Date "2003.04.12"]
[Round "3"]
[White "Belouadah Saad (ALG)"]
[Black "Eisenbeiser Karlhe (GER)"]
[Result "1-0"]
[WhiteElo "2349"]
[BlackElo "2064"]

1.d4 d6 2.Bf4 c5 3.dxc5 Qa5+ 4.Nc3 Qxc5 5.Nf3 Nf6 6.Qd3 Nc6 7.e4 g6 8.Qb5 Qxb5
9.Nxb5 Rb8 10.e5 Nd5 11.Bg3 a6 12.O-O-O Ndb4 13.Nc7+ Kd8 14.exd6 exd6 15.Nd5
Nxd5 16.Rxd5 Be6 17.Rd1 Kc7 18.Bd3 Be7 19.Be4 Rhe8 20.h4 h5 21.Rhe1 Bf8 22.Ng5
Nd8 23.Bf3 b5 24.Re3 Rb6 {#r} 1-0

[Event "It (open) "]
[Site "Berlin (Germany)"]
[Date "2003.08.21"]
[Round "6"]
[White "Zschaebitz Klaus (GER)"]
[Black "Getzuhn Detlef (GER)"]
[Result "1-0"]
[WhiteElo "2135"]
[BlackElo "2058"]

1.d4 d6 2.Nf3 Nd7 3.c4 e5 4.Nc3 g6 5.Bg5 f6 6.Bd2 Bg7 7.Qc1 h5 8.Qc2 Nf8 9.g3
c6 10.d5 Ne7 11.Bg2 c5 12.Ne4 g5 13.Qa4+ Kf7 14.b4 Bf5 15.Ng1 Bxe4 16.Bxe4 Nd7
17.Qc2 f5 18.Bxf5 {#r} 1-0

[Event "It (open) "]
[Site "Berlin (Germany)"]
[Date "2003.08.24"]
[Round "9"]
[White "Jaeger Andre (GER)"]
[Black "Wendt Jan-Dietrich (GER)"]
[Result "1-0"]
[WhiteElo "2147"]
[BlackElo "2296"]

1.d4 d6 2.Nf3 g6 3.c4 f5 4.Bg5 Bg7 5.Nc3 h6 6.Bc1 Nf6 7.Qc2 O-O 8.d5 Na6 9.Rb1
c6 10.e3 Bd7 11.b4 Rc8 12.Qb3 Kh7 13.Bb2 Nc7 14.Bd3 Qe8 15.Rd1 Qf7 16.Bb1 b5
17.dxc6 Be6 18.Qa3 Bxc4 19.Nd2 a6 20.h4 Ng4 21.h5 g5 22.Nxc4 Qxc4 23.e4 f4
24.Nd5 Qxc6 25.Nxe7 Qb6 26.e5+ Kh8 27.Bd4 Qb7 28.Qd3 {#r} 1-0

[Event "Ch Ukraine (juniors) (under 18) (g) (1/2 final)"]
[Site "Lvov (Ukraine)"]
[Date "2003.11.28"]
[Round "1"]
[White "Hryhorenko Nataliya (UKR)"]
[Black "Yushko Olga (UKR)"]
[Result "1-0"]
[WhiteElo "2321"]
[BlackElo "2072"]

1.d4 d6 2.Nf3 Bg4 3.c4 Bxf3 4.exf3 Nd7 5.Nc3 g6 6.Be2 Bg7 7.O-O e5 8.dxe5 Nxe5
9.Re1 Ne7 10.Bg5 f6 11.Bd2 O-O 12.f4 N5c6 13.Nd5 Nxd5 14.cxd5 Nd4 15.Bd3 Qd7
16.Bc3 f5 17.Bc4 b5 18.Bf1 c5 19.dxc6 Nxc6 20.Qd5+ Kh8 21.Bxg7+ Kxg7 22.Bxb5
Rac8 23.Rac1 Rfe8 24.Rxe8 {#r} 1-0

[Event "It (open)"]
[Site "Newport (Wales)"]
[Round "9"]
[White "Rees Ioan (WLS)"]
[Black "Georgiev Vladimir (MKD)"]
[Result "0-1"]
[WhiteElo "2201"]
[BlackElo "2512"]

1.d4 d6 2.Nf3 g6 3.c4 Bg7 4.e4 Bg4 5.Be2 Nc6 6.d5 Bxf3 7.Bxf3 Nd4 8.Nc3 c5
9.Be3 Qb6 10.Rb1 Nxf3+ 11.gxf3 Nf6 12.O-O Nd7 13.Qa4 Qa6 14.f4 Bxc3 15.Qxa6
bxa6 16.bxc3 Nb6 17.Rfe1 Kd7 18.Rb3 a5 19.Reb1 Rhc8 20.Ra3 a4 21.Kf1 f5 22.e5
Nxc4 23.Rxa4 Nb6 24.Ra6 Nxd5 25.exd6 exd6 26.Rd1 Nb6 {#R} 0-1

[Event "Ch Ukraine (juniors) (under 20)"]
[Site "Dnepropetrovsk (Ukraine)"]
[Round "5"]
[White "Tishin D (UKR)"]
[Black "Matjushin Gennady (UKR)"]
[Result "0-1"]
[WhiteElo "2341"]
[BlackElo "2431"]

1.d4 d6 2.Nf3 Bg4 3.e3 Nd7 4.h3 Bh5 5.c4 e5 6.Nc3 Ngf6 7.Be2 Be7 8.O-O O-O
9.b4 c6 10.dxe5 dxe5 11.a3 a5 12.b5 Qc7 13.Na4 Rfd8 14.Qb3 Ne4 15.Rd1 Ndc5
16.Nxc5 Nxc5 17.Qc2 Bg6 18.Qa2 Rxd1+ 19.Bxd1 e4 20.Nd4 Nd3 21.bxc6 bxc6 22.Be2
Nxf2 23.Kxf2 Qh2 24.Ke1 c5 25.Bf1 cxd4 26.exd4 Bh4+ 27.Kd1 Qg1 {#R} 0-1

[Event "Ch France (juniors) (under 20)"]
[Site "France"]
[Round "4"]
[White "Gozzoli Cyrille (FRA)"]
[Black "Laurent Julien G (FRA)"]
[Result "0-1"]
[WhiteElo "2104"]
[BlackElo "2243"]

1.d4 d6 2.Nf3 g6 3.c4 Bg7 4.Nc3 Bg4 5.e3 Nc6 6.Be2 e5 7.dxe5 dxe5 8.O-O Nf6
9.Qa4 O-O 10.Rd1 Qc8 11.c5 Re8 12.Bd2 e4 13.Ne1 Bxe2 14.Nxe2 Qg4 15.Ng3 h5
16.h3 Qg5 17.Qc4 h4 18.Ne2 Ne5 19.Qc2 Bf8 20.b4 a5 21.a3 axb4 22.axb4 Nf3+
23.Kh1 Rxa1 24.Rxa1 Qe5 25.gxf3 Qxa1 26.Bc3 Qa6 27.f4 Nd5 28.Kg2 Qc4 {#R} 0-1

[Event "Ch Russia (juniors) (under 14)"]
[Site "Dagomys (Russia)"]
[Round "8"]
[White "Seliverstov Vladimir (RUS)"]
[Black "Bocharov Ivan (RUS)"]
[Result "0-1"]
[WhiteElo "2122"]
[BlackElo "2236"]

1.d4 d6 2.c4 e5 3.d5 f5 4.Nc3 Nf6 5.Qc2 g6 6.Nf3 Bg7 7.e4 O-O 8.Bd3 Na6 9.a3
Nc5 10.Bg5 a5 11.Nd2 h6 12.Be3 Nxd3+ 13.Qxd3 f4 {#R} 0-1

[Event "Memorial Rey Ardid (open)"]
[Site "Zaragoza (Spain)"]
[Date "2004.04.12"]
[Round "3"]
[White "Leon Fernandez Mario (ESP)"]
[Black "Garza Marco Sergio (ESP)"]
[Result "0-1"]
[WhiteElo "2040"]
[BlackElo "2372"]

1.d4 d6 2.c4 e5 3.e3 Nd7 4.Nc3 g6 5.e4 Bg7 6.Nf3 Ngf6 7.Be2 O-O 8.dxe5 dxe5
9.Bg5 h6 10.Bh4 c6 11.O-O Qe7 12.Qc2 Nc5 13.Rad1 Bg4 14.Nd2 Bxe2 15.Nxe2 Ne6
16.Nb3 a5 17.f4 Nxf4 18.Nxf4 exf4 19.Rfe1 Qe5 20.Bf2 Ng4 21.Bc5 a4 22.Qe2 axb3
23.Bxf8 Kxf8 24.Qxg4 bxa2 25.Qd7 Qxb2 26.h3 a1=Q 27.Rxa1 Qd4+ {#R} 0-1

[Event "Memorial G.Garcia (cat.8) (a)"]
[Site "Santa Clara (Cuba)"]
[Date "2004.05.23"]
[Round "3"]
[White "Bruzon Lazaro (CUB)"]
[Black "Leon Hoyos Manuel (MEX)"]
[Result "1-0"]
[WhiteElo "2637"]
[BlackElo "2395"]

1.d4 d6 2.g3 g6 3.Bg2 Bg7 4.Nc3 e5 5.dxe5 dxe5 6.Qxd8+ Kxd8 7.f4 Nc6 8.Bxc6
bxc6 9.Nf3 exf4 10.Bxf4 Rb8 11.O-O-O+ Bd7 12.Ne5 Bxe5 13.Bxe5 f6 14.Bd4 Ke7
15.Bxa7 Ra8 16.Bc5+ Ke6 17.Rd4 f5 18.e4 Nf6 19.exf5+ gxf5 20.Re1+ Kf7 21.Re7+
Kg6 22.Rdxd7 Nxd7 23.Rxd7 Rhe8 24.b4 Re1+ 25.Kb2 Rh1 26.h4 Rc8 27.Ne2 {#r} 1-0

[Event "Memorial N. Mukhametzianov"]
[Site "Naberezhnye Chelny (Russia)"]
[Round "10"]
[White "Mingachev Mansur (RUS)"]
[Black "Sultanov Dzamil (RUS)"]
[Result "1-0"]
[WhiteElo "2291"]
[BlackElo "2113"]

1.d4 d6 2.f4 Nf6 3.Nf3 Nbd7 4.Nc3 a6 5.e4 b5 6.e5 b4 7.exf6 bxc3 8.fxg7 Bxg7
9.bxc3 Bb7 10.Bd3 e5 11.fxe5 dxe5 12.O-O exd4 13.Re1+ Kf8 14.Nxd4 Rg8 15.Be4
Bxe4 16.Rxe4 c5 17.Nc6 Qc7 18.Bf4 {#r} 1-0

[Event "It "]
[Site "Belfast (North Ireland)"]
[Date "2004.06.12"]
[Round "2"]
[White "Pinkerton Arthur (IRL)"]
[Black "Clarke Thomas (IRL)"]
[Result "0-1"]
[WhiteElo "2105"]
[BlackElo "2137"]

1.d4 d6 2.Nf3 Bg4 3.Nbd2 Nc6 4.e3 e5 5.dxe5 dxe5 6.Be2 Nf6 7.c3 Bd6 8.Nc4 e4
9.Nxd6+ cxd6 10.Nd4 Ne5 11.f3 Bd7 12.O-O O-O 13.b3 Rc8 14.Bb2 exf3 15.Nxf3 Qe7
16.c4 Neg4 17.Bxf6 Qxe3+ 18.Kh1 Nxf6 19.Nd4 Ne4 20.Bg4 Bxg4 21.Qxg4 Qxd4
22.Qf4 Rce8 23.h3 Qe5 24.Kh2 Nd2 {#R} 0-1

[Event "Ch Switzerland (team) 2004"]
[Site "Switzerland"]
[Date "2004.06.13"]
[Round "5"]
[White "Danner Georg (AUT)"]
[Black "Adler Joel (SUI)"]
[Result "1-0"]
[WhiteElo "2436"]
[BlackElo "2332"]

1.d4 d6 2.c4 e5 3.d5 Be7 4.e4 Bg5 5.Nd2 Nf6 6.Bd3 Nbd7 7.Ngf3 Bh6 8.Qc2 a5
9.O-O Nh5 10.Re1 Nc5 11.Bf1 a4 12.b4 axb3 13.Nxb3 Nxb3 14.Qxb3 Bxc1 15.Rexc1
b6 16.a4 Ra5 17.c5 Rxc5 18.Rxc5 bxc5 19.a5 O-O 20.a6 Bd7 21.Qb7 Bc8 22.Qb8
{#r} 1-0

[Event "It (open) (juniors)"]
[Site "St. Lo (France)"]
[Date "2004.07.14"]
[Round "7"]
[White "Ivekovic Josip (CRO)"]
[Black "Besson Bastien (FRA)"]
[Result "0-1"]
[WhiteElo "2049"]
[BlackElo "2238"]

1.d4 d6 2.Bf4 g6 3.Nf3 Bg7 4.e3 c6 5.Be2 Nd7 6.c3 Ngf6 7.h3 Qc7 8.Nbd2 O-O
9.O-O b5 10.a4 Rb8 11.b4 Nd5 12.Qc2 Nxf4 13.exf4 Nf6 14.Bd3 e6 15.Kh2 a6 16.a5
c5 17.dxc5 dxc5 18.g3 Nd5 19.Rab1 c4 20.Be4 Nxc3 21.Rbe1 f5 22.Ne5 Bxe5
23.fxe5 Nxe4 24.Nxe4 fxe4 {#R} 0-1

[Event "It (open)"]
[Site "Castellar (Spain)"]
[Date "2004.07.15"]
[Round "2"]
[White "Comas Fabrego Lluis (ESP)"]
[Black "Sanpera Bonet Juan Carlos (ESP)"]
[Result "1-0"]
[WhiteElo "2509"]
[BlackElo "2204"]

1.d4 d6 2.Nf3 g6 3.c4 Bg7 4.Nc3 e5 5.g3 Nc6 6.dxe5 dxe5 7.Qxd8+ Kxd8 8.Bg5+ f6
9.O-O-O+ Ke8 10.Nd5 Kf7 11.Nxc7 Rb8 12.Bd2 Nge7 13.Bc3 e4 14.Nd4 Ne5 15.Ndb5
Ng4 16.Nd6+ Kg8 17.Bh3 h5 18.Nxc8 Nxc8 19.Bxg4 hxg4 20.Ne6 Bh6+ 21.e3 Kf7
22.Nc5 Nb6 23.Nxe4 Bg7 24.c5 {#r} 1-0

[Event "It (open)"]
[Site "Creon (France)"]
[Date "2004.08.03"]
[Round "2"]
[White "Tihonov Jurij (BLR)"]
[Black "Luft Martin (GER)"]
[Result "1-0"]
[WhiteElo "2455"]
[BlackElo "2114"]

1.d4 d6 2.Nf3 Bg4 3.e3 e6 4.c4 c6 5.Nc3 d5 6.Qb3 Qc7 7.Ne5 Bf5 8.g4 Bg6 9.h4
f6 10.Nxg6 hxg6 11.Bg2 Nd7 12.e4 dxe4 13.c5 Kf7 14.Nxe4 Nh6 15.Bf3 Re8 16.Be3
Kg8 17.O-O-O Nf7 18.Be2 Qc8 19.Bc4 Nb8 20.Bf4 Na6 21.g5 f5 22.Ng3 Nc7 23.h5
gxh5 24.g6 Nd8 25.Nxh5 Nd5 26.Bxd5 exd5 27.Nf6+ {#r} 1-0

[Event "It (open)"]
[Site "Castelldefels (Spain)"]
[Date "2004.08.19"]
[Round "2"]
[White "Fortes Gil Jesus Emili (ESP)"]
[Black "Gonzales Jayson (PHI)"]
[Result "0-1"]
[WhiteElo "2047"]
[BlackElo "2422"]

1.d4 d6 2.c4 e5 3.dxe5 dxe5 4.Qxd8+ Kxd8 5.g3 Be6 6.Bg2 c6 7.b3 Na6 8.Bb2 Nb4
9.Na3 f6 10.Nf3 Nh6 11.O-O Nf7 12.Rfd1+ Kc7 13.Ne1 Be7 14.Nac2 a5 15.Nxb4 axb4
16.Nc2 Rhd8 17.a4 bxa3 18.Rxd8 Rxd8 19.Bxa3 Bxa3 20.Nxa3 Rd2 21.b4 Rxe2 22.c5
Rb2 23.b5 cxb5 24.Bf1 Bd7 25.Nb1 b4 26.Bc4 Ng5 {#R} 0-1

[Event "Ch Poland (team) (2nd liga)"]
[Site "Polanica Zdroj (Poland)"]
[Date "2004.09.10"]
[Round "9"]
[White "Jonczyk Jerzy (POL)"]
[Black "Krajewski Radoslaw (POL)"]
[Result "1-0"]
[WhiteElo "2157"]
[BlackElo "2085"]

1.d4 d6 2.Nf3 g6 3.Bg5 Bg7 4.e3 Nd7 5.Nbd2 h6 6.Bh4 g5 7.Bg3 e5 8.dxe5 dxe5
9.e4 Ne7 10.Nc4 Ng6 11.Ne3 h5 12.h3 Nf4 13.Bc4 O-O 14.O-O Qf6 15.Bxf4 exf4
16.Nd5 Qd6 17.Nxg5 Qh6 18.Ne7+ Kh8 19.Nxf7+ Rxf7 20.Bxf7 {#r} 1-0

[Event "It (open)"]
[Site "San Sebastian (Spain)"]
[Date "2004.09.27"]
[Round "2"]
[White "Andres Gonzalez Ivan (ESP)"]
[Black "Martin Alvarez Inigo (ESP)"]
[Result "1-0"]
[WhiteElo "2254"]
[BlackElo "2058"]

1.d4 d6 2.Nf3 Bg4 3.e4 Nd7 4.Bc4 e6 5.O-O c6 6.Re1 Nb6 7.Bf1 d5 8.Nbd2 Qc7
9.exd5 cxd5 10.Bb5+ Nd7 11.c4 a6 12.Bxd7+ Qxd7 13.Qb3 Bxf3 14.Nxf3 dxc4
15.Qxc4 Rc8 16.Qb3 Ne7 17.Bg5 Qd5 18.Qa4+ Qc6 19.Qa5 Qc7 20.Qd2 Qc2 21.Qb4 Qc7
22.Rec1 Nc6 23.Qb3 Qd7 24.d5 {#r} 1-0

[Event "Memorial M.Chigorin (open)"]
[Site "St. Petersburg (Russia)"]
[Date "2004.10.21"]
[Round "6"]
[White "Gromova Iulia (RUS)"]
[Black "Molchanova Tatjana (RUS)"]
[Result "0-1"]
[WhiteElo "2156"]
[BlackElo "2298"]

1.d4 d6 2.c4 e5 3.d5 f5 4.Nc3 Nf6 5.g3 g6 6.Bg2 Bg7 7.e4 O-O 8.Nge2 fxe4 9.O-O
Bf5 10.h3 a5 11.g4 Bd7 12.Ng3 Na6 13.Ngxe4 Nxe4 14.Nxe4 b6 15.Bg5 Qe8 16.Qd2
Nc5 17.Rac1 Nxe4 18.Bxe4 Bf6 19.Be3 Qe7 20.Kg2 Bh4 21.b3 Rf7 22.Rc2 Raf8
23.Qc1 Qf6 24.f3 h5 25.Rh1 Bf5 26.g5 Qe7 27.Rg1 Bxe4 28.fxe4 Rf3 {#R} 0-1

[Event "It (open)"]
[Site "Le Touquet (France)"]
[Date "2004.10.28"]
[Round "5"]
[White "Rosenfeld Imre (FRA)"]
[Black "Laurent Julien G (FRA)"]
[Result "0-1"]
[WhiteElo "2098"]
[BlackElo "2243"]

1.d4 d6 2.Nf3 Bg4 3.Qd3 c6 4.e4 Nd7 5.Be2 e5 6.O-O Ngf6 7.c3 Be7 8.Re1 O-O
9.Bg5 h6 10.Bc1 d5 11.exd5 e4 12.Qe3 exf3 13.Bxf3 Bxf3 14.Qxf3 Nxd5 {#R} 0-1

[Event "It (open)"]
[Site "Zuerich (Switzerland)"]
[Round "5"]
[White "Roiz Michael (ISR)"]
[Black "Klauser Markus (SUI)"]
[Result "1-0"]
[WhiteElo "2560"]
[BlackElo "2413"]

{ Roiz Michael (ISR) +0 =1 -1 } 1.d4 { 1 } 1...d6 2.Nf3 Bg4 3.c4 Nd7 4.g3 Bxf3
5.exf3 { ? } 5...c6 ( 5...g6 6.Bg2 Bg7 7.O-O Nh6 8.f4 Nf5 9.Bxb7 Rb8 10.Bg2
Nxd4 11.Nc3 O-O 12.Rb1 c6 13.b3 Qc7 14.Bb2 Nc5 15.h4 Qa5 16.Re1 e6 17.Ne2
Nxe2+ 18.Rxe2 Bxb2 19.Rexb2 d5 20.b4 Qa3 21.h5 dxc4 22.Qd4 Nd3 23.h6 e5 24.Qd6
Rfe8 25.Bxc6 { ...1-0, Ivanchuk Vassily 2720 - Speelman Jonathan S 2590 ,
Debrecen 1992 Ch Europe (team) } ) 6.Nc3 ( 6.d5 g6 7.Bg2 Bg7 8.O-O Ngf6 9.Nc3
O-O 10.f4 Nb6 11.Qe2 cxd5 12.cxd5 Nfd7 13.Rd1 Bxc3 14.bxc3 Na4 15.Rd3 Qa5
16.Re3 Rfe8 17.Bd2 Qa6 18.c4 Ndb6 19.Bf1 Nc5 20.Rxe7 Rxe7 21.Qxe7 Qa3 22.Re1
Ncd7 23.Bh3 Qb2 24.Be3 Qc3 25.Rb1 Qf6 { ...1-0, Fressinet Laurent 2593 -
Narciso Dublan Marc 2476 , Pamplona 2002 It (cat.14) } ) 6...g6 { } ( 6...e6
7.d5 exd5 8.cxd5 Ngf6 9.dxc6 bxc6 10.Bg2 Be7 11.O-O O-O 12.b3 d5 13.Qc2 Nb6
14.Rd1 Nfd7 15.Ne2 Bf6 16.Bb2 Bxb2 17.Qxb2 Rc8 18.f4 Nf6 19.Qa3 Re8 20.Rd2 Qd7
21.Rc1 Ne4 22.Bxe4 Rxe4 23.Nd4 h5 24.Qc5 h4 25.Re2 Rxe2 26.Nxe2 { ...0-1,
Burkart Patrick 2360 - Sokolov Andrei 2585 , Germany 1995 Bundesliga (2nd)
South 1994/95 } ) ( 6...Ngf6 7.Bg2 e6 8.d5 exd5 9.cxd5 c5 10.O-O Be7 11.Qb3
Qb6 12.Re1 Qxb3 13.axb3 a6 14.Bf4 Kd8 15.Nb5 Ne8 16.Re2 Ndf6 17.Nc3 Nc7
18.Rae1 Re8 19.Ne4 Nxe4 20.fxe4 f6 21.Be3 Nb5 22.f4 Bf8 23.Bf2 Kc7 24.Rc2 a5
25.Bf1 Kb6 26.Rc4 { ...1/2-1/2, Gustafsson Jan 2579 - Hoffmann Asa 2290 , New
York 18. 5.2004 Tournament "New York Masters" } ) 7.h4 { N } ( 7.Be3 Bg7 8.Qd2
Ngf6 9.g4 h6 10.O-O-O d5 11.cxd5 Nxd5 12.Nxd5 cxd5 13.f4 h5 14.f5 gxf5 15.gxf5
Nf6 16.Bd3 Ne4 17.Bxe4 dxe4 18.d5 Qc8+ 19.Kb1 Qxf5 20.Rhg1 Bf6 21.Qb4 b6 22.d6
exd6 23.Rxd6 Rd8 24.Qa4+ Ke7 25.Rxd8 Rxd8 26.Qxa7+ Qd7 { ...1-0, Flumbort
Andras 2481 - Tibensky Robert 2405 , Pula 2003 Cup Mitropa } ) ( 7.Bg2 Bg7
8.O-O Nh6 9.Be3 Nf5 10.Qd2 O-O 11.Rfd1 Nxe3 12.fxe3 e6 13.Rab1 d5 14.Qd3 Qe7
15.f4 a5 16.Re1 dxc4 17.Qxc4 Qb4 18.Qe2 Nb6 19.a3 Qe7 20.Kh1 Rfd8 21.Qc2 a4
22.Ne4 Ra5 23.Nc5 Ra7 24.Rbc1 Rda8 25.Red1 Nc8 26.Ne4 Ra5 { ...0-1, Leuly Max
2182 - Okhotnik Vladimir 2453 , Issy Les Moulineaux 2002 It (open) } )
7...Ngf6 8.g4 h5 9.g5 Nh7 10.f4 Bg7 11.Bh3 e6 { ?! } ( 11...Qb6 { !? } 12.d5
Qb4 13.dxc6 bxc6 { } ) 12.d5 Nc5 13.dxe6 fxe6 14.Qc2 Nf8 15.Be3 Qa5 16.Bd2 Qb6
{ ? } ( { ? } 16...O-O-O 17.Rd1 Kb8 18.O-O Bxc3 { } ) 17.O-O Kf7 18.Rae1 Re8 {
?! } ( 18...Rd8 { !? } 19.f5 gxf5 20.Bxf5 Be5 { } ) 19.b4 Ncd7 20.c5 dxc5
21.Ne4 Qc7 22.bxc5 Kg8 23.Nd6 Re7 24.f5 gxf5 25.Nxf5 Rf7 26.Nxg7 Kxg7 27.Bxe6
Nxe6 28.Rxe6 { } {#r} 1-0